|
|
|
|
| LEADER |
00000nam a2200000 a 4500 |
| 001 |
UCY8884 |
| 003 |
CL-VaPUC |
| 008 |
950707e19750000MX |||||||||||||||||spa|d |
| 082 |
0 |
4 |
|a 372.5
|b MAY
|2 21
|
| 100 |
|
|
|a Mayesky, Mary
|e autora
|9 340644
|
| 700 |
0 |
|
|a Neuman, Donald
|e author
|9 340645
|
| 700 |
0 |
|
|a Wlodkowski, Raymond J
|e author
|9 340646
|
| 245 |
1 |
0 |
|a Actividades creativas para niños pequeños
|
| 300 |
|
|
|a 241 p
|
| 942 |
|
|
|c BK
|
| 945 |
|
|
|d 19950707 00:00:00
|a mfernand
|
| 260 |
|
|
|a Ciudad de México
|b Diana
|c 1975
|
| 500 |
|
|
|a Incluye guía para el instructor
|
| 650 |
|
0 |
|a Creatividad
|9 310816
|
| 650 |
|
0 |
|a Educación artística
|9 269035
|
| 650 |
|
0 |
|a Estética
|9 264950
|
| 650 |
|
0 |
|a Arte
|9 265238
|
| 650 |
|
0 |
|a Artesanías
|9 266634
|
| 650 |
|
0 |
|a Juegos
|9 243060
|
| 650 |
|
0 |
|a Métodos de enseñanza
|9 270413
|
| 583 |
|
|
|a last modification
|c 20170828 09:40:36
|k Rodrigo Vera
|
| 999 |
|
|
|c 236065
|d 236063
|
| 952 |
|
|
|0 0
|1 0
|4 0
|6 372_500000000000000_MAY_1975
|7 0
|8 P
|9 243888
|a BIBEDU
|b BIBEDU
|c BIBEDU_PB
|d 2019-11-18
|i 1528866
|o 372.5 MAY 1975
|p 1528866
|r 2024-01-25
|w 2019-11-18
|y BK
|k EDU
|
| 952 |
|
|
|0 0
|1 0
|4 0
|6 372_500000000000000_MAY_1975
|7 0
|8 P
|9 243889
|a BIBEDU
|b BIBEDU
|c BIBEDU_PB
|d 2019-11-18
|i 1528874
|o 372.5 MAY 1975
|p 1528874
|r 2024-01-25
|w 2019-11-18
|y BK
|k EDU
|